| 000 | 00963nam a2200289Ia 4500 | ||
|---|---|---|---|
| 003 | OSt | ||
| 005 | 20251114120333.0 | ||
| 008 | 210210b2018 xxu||||| |||| 00| 0 eng d | ||
| 040 | _cAL | ||
| 041 | _aKannada | ||
| 082 | _aK894.4 KALK | ||
| 100 |
_aKALLURU NAGESHA Ed _d ಕಲ್ಲೂರು ನಾಗೇಶ _9245574 |
||
| 245 |
_aKarana kaarana: anubhavada nade anubhavada nudi saraniya upanyasagalu 2015 _bಕರಣ ಕಾರಣ: ಅನುಭವದ ನಡೆ ಅನುಭವದ ನುಡಿ ಸರಣಿಯ ಉಪನ್ಯಾಸಗಳು 2015 |
||
| 260 |
_aMangaluru _bAkrati Ashaya Pablications _c2018 |
||
| 300 | _axi,188 | ||
| 650 |
_aupanyasagalu _9245575 |
||
| 650 |
_asaraniya _9245576 |
||
| 650 |
_anudi _9245577 |
||
| 650 |
_anade _9245578 |
||
| 650 |
_aKarana _9245579 |
||
| 650 |
_akaarana: _9245580 |
||
| 650 |
_aanubhavada _9245581 |
||
| 650 |
_a2015 _9245582 |
||
| 690 |
_aKannada Prose _9245583 |
||
| 906 | _a073478 | ||
| 942 |
_2ddc _cBK |
||
| 999 |
_c123302 _d123302 |
||